Mr. Kitty - After Dark Lyrics - Statistics

General Stats
  • This quiz has been taken 89 times
  • The average score is 176 of 253
Answer Stats
Answer % Correct
I
100%
The
93%
the
93%
you
93%
You
93%
let
88%
to
88%
To
88%
hours
85%
know
85%
pass
83%
so
83%
As
80%
I'm
80%
me
80%
will
80%
alone
76%
lips
76%
need
76%
see
73%
your
73%
Your
73%
How
71%
rest
68%
That
68%
this
68%
bliss
66%
Consoles
66%
eternal
66%
feeling
66%
feels
66%
My
66%
what
66%
ask
63%
Before
63%
have
63%
it
63%
sorry
63%
glad
61%
moment
61%
on
61%
On
61%
patient
61%
pleasant
61%
given
59%
hold
59%
I've
59%
fall
56%
voice
56%
We're
56%
were
56%
He
54%
In
54%
slowly
54%
ashes
51%
missed
51%
like
49%
question
49%
was
49%
And
46%
for
46%
close
44%
soft
44%
growing
41%
lost
41%
passion
41%
showed
41%
winter
41%
won't
41%
finally
39%
It's
39%
night
37%
swaying
37%
waiting
37%
anxious
34%
been
34%
Controlling
34%
laughter
34%
leaving
34%
Our
34%
patience
34%
speak
34%
talking
34%
thoughts
34%
beats
32%
calming
32%
knows
32%
motion
32%
stories
32%
telling
32%
turn
32%
us
32%
closer
29%
drum
29%
stars
29%
You're
29%
guide
27%
home
24%
No matching quizzes found
Score Distribution
Percent of People with Each Score
Percentile by Number Answered
Your Score History
You have not taken this quiz